000 00938nam a2200289Ia 4500
003 GCL
008 140319s9999 xx 000 0 ara d
040 _aGCL /
_cGCL
082 0 4 _a721
_bن ط
100 1 _aنبيل حسن
245 1 0 _aطرق وعناصر الاخراج فى التصميم المعمارى /
_cنبيل حسن
260 _aبيروت :
_bدار الراتب الجامعية
300 _a330 ص ؛
_c20 سم
490 _aالموسوعة المعمارية
_v2
650 0 4 _aالرسم المنظور
650 0 4 _aالرسم الهندسى
650 0 4 _aالعمارة
650 0 4 _aالرسم المعمارى
650 0 4 _aالرسم
650 0 4 _aالتصميم
650 0 4 _aالرسم بالالوان
650 0 4 _aالالوان المائية
650 0 4 _aالرسومات
650 0 4 _aالضوء والظل فى الفن
650 0 4 _aالرسم بالاحبار
942 _2ddc
_cBK
999 _c58712
_d58712